000 00355nam a2200133Ia 4500
008 151001s9999||||xx |||||||||||||| ||und||
100 _aनिर्मला चौहान
245 _aसमाज का कायाकल्प
250 _a1
260 _bकिरण प्रकाशन
260 _c2012
300 _a96
365 _b21
999 _c999432
_d999429